Sanat - "Hiljainen tienoo" - Statistics

Yleistilastot
  • Tätä visaa on pelattu 10 kertaa
  • Keskiarvotulos 27 / 35
Vastaustilastot
Vastaus % Oikein
hämyinen
100%
Hiljainen
100%
100%
maa
100%
sen
100%
tien
100%
tienoo
100%
heijastaa
88%
jään
88%
Kotiini
88%
kotiini
88%
kuljen
88%
kultaa
88%
kuu
88%
yksin
88%
ylle
88%
jälleen
75%
kaipuuni
75%
kauas
75%
kotini
75%
mietteisiin
75%
milloin
75%
mun
75%
nään
75%
sun
75%
taas
75%
herra
63%
käännyn
63%
puoleesi
63%
rukoillen
63%
viitoittaa
63%
johdathan
50%
saa
50%
taivas
50%
tähtinen
38%
Ehtoja vastaavia visoja ei löytynyt
Tulosjakauma
Jokaisen tuloksen saaneiden osuus
Persentiili vastausten määrän mukaan
Tuloshistoriasi
Et ole pelannut tätä visaa